Software gestion administrativa / (Registro nro. 7250)

000 -CABECERA
Campo de control de longitud fija 00709nam a22001817a 4500
008 - CAMPO FIJO DE DESCRIPCIÓN FIJA--INFORMACIÓN GENERAL
Campo de control de longitud fija 140724b2011 ho ||||| |||| 00| 0 spa d
090 ## - CAMPOS LOCALES
Número de clasificación (OCLC) ; Número de clasificación,LLAMADA (RLIN) 00033
Signatura local (OCLC) ; Signatura sin dividir, número de libro, CALL (RLIN) IA 2006
100 ## - ENCABEZAMIENTO PRINCIPAL--NOMBRE PERSONAL
Nombre de persona Hernandez Ortiz, Elvin Jeovany
9 (RLIN) 140
245 ## - TÍTULO PROPIAMENTE DICHO
Título Software gestion administrativa /
Mención de responsabilidad, etc. Elvin Jeovany Hernandez Ortiz
260 ## - PUBLICACIÓN, DISTRIBUCIÓN, ETC (PIE DE IMPRENTA)
Lugar de publicación, distribución, etc. Honduras, San Pedro Sula :
Nombre del editor, distribuidor, etc. Universidad de San Pedro Sula,
Fecha de publicación, distribución, etc. 2006.
300 ## - DESCRIPCIÓN FÍSICA
Extensión 46 p.
500 ## - NOTA GENERAL
Nota general Monografia en bodega
502 ## - NOTA DE TESIS
Programa Académico Licenciatura en Informática Administrativa /
Nombre de la institución que otorga el título Universidad de San Pedro Sula.
650 ## - ASIENTO SECUNDARIO DE MATERIA--TÉRMINO DE MATERIA
Nombre de materia o nombre geográfico como elemento de entrada INFORMÁTICA ADMINISTRATIVA
9 (RLIN) 501
650 ## - ASIENTO SECUNDARIO DE MATERIA--TÉRMINO DE MATERIA
Nombre de materia o nombre geográfico como elemento de entrada GESTIÓN-ADMINISTRATIVA
9 (RLIN) 442
650 ## - ASIENTO SECUNDARIO DE MATERIA--TÉRMINO DE MATERIA
Nombre de materia o nombre geográfico como elemento de entrada COMERCIAL PINEDA
9 (RLIN) 88
942 ## - ELEMENTOS KOHA
Fuente de clasificación o esquema de ordenación en estanterías
Koha tipo de item Monografía
Parte de Clasificación 00033 IA 2006
Existencias
Colección Estado Signatura completa Localización permanente Mostrar en OPAC Código de barras Tipo de Descarte Fuente de clasificación o esquema Asignatura Disponibilidad Fecha adquisición Localización actual Formato de Material Fecha de Descarte Fecha última consulta Ejemplar
HemerotecaSin préstamo00033 IA 2006Biblioteca Central  10268Desactualizado USAPNULL2014-09-01Biblioteca Central Papel2016-06-272014-09-01Ej. 1
HemerotecaSin préstamo00033 IA 2006Biblioteca Central  10269Desactualizado USAPNULL2014-09-01Biblioteca Central Papel2016-06-272014-09-01Ej. 2
HemerotecaSin préstamo00033 IA 2006Biblioteca Central  10270Desactualizado USAPNULL2014-09-01Biblioteca Central Papel2016-06-272014-09-01Ej. 3

Campus Universitario - Ave. Circunvalación - San Pedro Sula, Honduras, C.A. / Tel: +504 2561.8777 / Fax: +504 2561.8787 / Email: info@usap.edu
Todos los Derechos Reservados. © MMXIII Universidad de San Pedro Sula